Music Quiz

Random Music or Song Quiz

Crush 40 Songs Quiz Stats

Quiz not verified by Sporcle

Challenge
Share
Tweet
Embed
Score 0/0 Timer 00:00
0 Plays Today
% Correct
What I'm Made Of...
95.8%
Live and Learn
94.6%
I Am... All Of Me
93.3%
Knight of the Wind
91.6%
Open Your Heart
91.2%
Sonic Heroes
90.8%
Never Turn Back
79.1%
Fight the Knight
72.4%
Live Life
67.8%
Revvin' Up
64.9%

You're not logged in!

Compare scores with friends on all Sporcle quizzes.
Sign Up with Email
OR
Log In

You Might Also Like...

Show Comments

Extras

Top Quizzes Today


Score Distribution

Your Account Isn't Verified!

In order to create a playlist on Sporcle, you need to verify the email address you used during registration. Go to your Sporcle Settings to finish the process.

Report this User

Report this user for behavior that violates our Community Guidelines.

Details: